[Event "ICA Players Mem-Res."]
[Site "Boise, ID"]
[Date "2012.05.20"]
[Round "4.1"]
[White "Gorman, Cody Austin"]
[Black "Patterson, Kevin R"]
[Result "1/2-1/2"]
[WhiteElo "1252"]
[BlackElo "1281"]

1. d4 c6 2. Bf4 d5 3. c3 Bf5 4. Qb3 Qb6 5. Qxb6 axb6 6. Nd2 e6 7. Ngf3 Nd7 8.
Nh4 Bg6 9. h3 Ne7 10. Bd6 h6 11. Bxe7 Bxe7 12. Nxg6 fxg6 13. e3 O-O 14. c4 Bf6
15. Bd3 c5 16. O-O cxd4 17. e4 Nc5 18. e5 Bg5 19. Bxg6 Bxd2 20. Rfd1 Bf4 21.
cxd5 Bxe5 22. dxe6 Nxe6 23. Re1 Rf6 24. Bd3 Bd6 25. Bc4 Re8 26. Re4 Kf8 27.
Rd1 Ke7 28. Rde1 Kf7 29. Rxd4 Bc5 30. Rd2 Bb4 31. Bxe6+ Rfxe6 32. Rxe6 Rxe6
33. Rc2 Bd6 34. g3 Be5 35. b3 Rc6 36. Rd2 Rd6 37. Re2 Bf6 38. Kg2 b5 39. Rc2
Rc6 40. Rd2 Rc7 41. Rd5 b4 42. h4 Ke6 43. Rd2 Bc3 44. Re2+ Kd5 45. f4 Kd4 46.
Kf3 Ba1 47. f5 Rc3+ 48. Kf4 Rc7 49. g4 Kd5 50. g5 hxg5+ 51. hxg5 Kd6 52. g6
Re7 53. Rd2+ Kc7 54. Kg4 Bf6 55. Rc2+ Kb6 56. Kf3 Re5 57. Kf4 {#d} 1/2-1/2

[Event "MH Summer Tourny"]
[Site "Mountain Home, ID"]
[Date "2012.07.28"]
[Round "1.5"]
[White "Gorman, Cody Austin"]
[Black "Winchell, Nathanael"]
[Result "1-0"]
[WhiteElo "1290"]
[BlackElo "1000"]

1. b3 Nf6 2. e3 e5 3. Bb2 d6 4. c4 Nc6 5. Nf3 Be6 6. d3 g6 7. g3 Bg7 8. Bg2
O-O 9. O-O Nd7 10. Nc3 Nc5 11. d4 exd4 12. exd4 Na6 13. d5 Bxd5 14. Qxd5 Nab4
15. Qd2 Qf6 16. Na4 Qf5 17. Bxg7 Kxg7 18. Nd4 Qd7 19. Nxc6 Nxc6 20. Nc3 Rae8
21. Rfe1 Rxe1+ 22. Rxe1 b6 23. Nd5 Ne5 24. Qc3 Kg8 25. f4 Nc6 26. Nf6+ {#r}
1-0

[Event "WRW Progressive"]
[Site "Hailey, ID"]
[Date "2012.10.06"]
[Round "1.6"]
[White "Sawyer, Paul"]
[Black "Gorman, Cody Austin"]
[Result "0-1"]
[WhiteElo "134"]
[BlackElo "1383"]

{Game/30;d5} 1. e4 a6 2. Nf3 b5 3. Be2 Bb7 4. O-O Bxe4 5. d3 Bb7 6. Nc3 Nf6 7.
Ne4 Nxe4 8. dxe4 Bxe4 9. Bg5 h6 10. Be3 e6 11. Qe1 Bxc2 12. Qc1 Bh7 13. Qe1 c5
14. Qc1 d6 15. Qd1 Nc6 16. Qe1 Be7 17. Rc1 Bf6 18. b3 Bb2 19. Rb1 Bxb1 20.
Qxb1 Bf6 21. Qe1 Ne5 22. Nxe5 Bxe5 23. Bc1 d5 24. Qd1 Qc7 25. Re1 Bxh2+ 26.
Kh1 Bf4 27. Bxf4 Qxf4 28. g3 Qd4 29. Qxd4 cxd4 30. Bd3 Ke7 31. Bf5 g6 32.
Rxe6+ fxe6 33. Bd3 e5 34. Bxg6 e4 35. Kg1 Rac8 36. Kf1 Rc2 37. a4 b4 38. Ke1
Rb2 39. Kf1 Rxb3 40. Ke2 Rg8 41. Bh5 Rg5 42. Bf3 Rxf3 43. Kf1 Rgxg3 44. Ke1
Rxf2 45. Kxf2 Ra3 46. Ke2 Ra2+ 47. Kd1 b3 48. Kc1 e3 49. Kd1 d3 50. Ke1 Ra1#
0-1

[Event "National Chess Day"]
[Site "Boise, ID"]
[Date "2012.10.13"]
[Round "6.1"]
[White "Gorman, Cody Austin"]
[Black "Ruberry, Chip"]
[Result "1-0"]
[WhiteElo "1635"]
[BlackElo "1374"]

1. b3 Nf6 2. e3 g6 3. Bb2 Bg7 4. f4 b6 5. Nf3 O-O 6. Be2 Bb7 7. O-O c5 8. c4
d6 9. d3 Nbd7 10. Qd2 e6 11. Nc3 Ng4 12. h3 Bxf3 13. Bxf3 Nxe3 14. Rfe1 Qh4
15. Bxa8 Rxa8 16. Rxe3 Bd4 17. Qf2 Qf6 18. Ne4 Qg7 19. Bxd4 Qxd4 20. Ree1 {#r}
1-0

[Event "Southern Idaho Open"]
[Site "Twin Falls, ID"]
[Date "2012.11.03"]
[Round "1.3"]
[White "Gorman, Cody Austin"]
[Black "Leano, Bryan B"]
[Result "0-1"]
[WhiteElo "1383"]
[BlackElo "1752"]

1. b3 d5 2. Bb2 c5 3. e3 Nf6 4. Nf3 e6 5. c4 Be7 6. cxd5 exd5 7. Bb5+ Bd7 8.
Bxd7+ Nbxd7 9. d4 O-O 10. O-O Rc8 11. Nc3 cxd4 12. Nxd4 Bb4 13. Nde2 Qa5 14.
Qd4 Bc5 15. Qa4 Qxa4 16. Nxa4 Ne4 17. Rfd1 Nb6 18. Nxb6 Bxb6 19. Rac1 Rxc1 20.
Bxc1 Rc8 21. Bb2 Rc2 22. Rc1 Rxc1+ 23. Bxc1 Kf8 24. Bb2 g5 25. g4 Ke7 26. Kg2
f6 27. Nd4 Nd6 28. Kf3 a6 29. Ke2 Bc7 30. f3 Nf7 31. Nf5+ Ke6 32. h3 Be5 33.
Nd4+ Kd7 34. Kd3 Nd8 35. Bc1 Nc6 36. Nc2 Bc7 37. Bd2 Ne5+ 38. Ke2 Ng6 39. Nd4
Be5 40. Nc2 Kc6 41. Ne1 d4 42. Nd3 dxe3 43. Bxe3 Bd6 44. Kd2 Ne5 45. Nxe5+
Bxe5 46. Kd3 Kd5 47. Kd2 {The rest of the game was not recorded due to time
trouble. } {#R} 0-1

[Event "Southern Idaho Open"]
[Site "Twin Falls, ID"]
[Date "2012.11.03"]
[Round "2.7"]
[White "Hanson, Cindy"]
[Black "Gorman, Cody Austin"]
[Result "0-1"]
[WhiteElo "1058"]
[BlackElo "1383"]

1. e4 e6 2. d4 b6 3. Nf3 Bb7 4. Nc3 Bb4 5. Bd2 Bxc3 6. Bxc3 Bxe4 7. Bd2 Nc6 8.
Bc3 Nf6 9. Ng5 Bg6 10. Bc4 h6 11. Nf3 d5 12. Bb5 Qd6 13. Ne5 Bh5 14. f3 O-O
15. Nxc6 a6 16. Bb4 Qf4 17. Bd2 Qh4+ 18. g3 Qh3 19. Bf1 Qf5 20. Ne7+ Kh8 21.
Nxf5 exf5 22. Be3 Rfe8 23. Qd3 Bxf3 24. Rg1 Ng4 25. Kd2 Nxh2 26. Qxf5 Be4 27.
Qh5 Nf3+ 28. Kc3 c5 29. Bd3 cxd4+ 30. Bxd4 Rec8+ 31. Kb4 Nxd4 32. Ka3 Nb5+ 33.
Kb4 Nd4 34. Rac1 b5 35. b3 a5+ 36. Ka3 b4+ 37. Kb2 a4 38. Bxe4 axb3 39. cxb3
Re8 40. Rc7 Rxe4 41. Rg2 Nb5 42. Rc6 Nc3 43. Rxh6+ gxh6 44. Qxh6+ Kg8 45. Kc2
Rxa2+ 46. Kd3 Rxg2 47. Qg5+ Kf8 48. Qd8+ Re8 49. Qd6+ Kg7 50. Qxb4 Rxg3+ 51.
Kd2 Re2+ {#R} 0-1

[Event "WIO (Open)"]
[Site "Boise, ID"]
[Date "2012.12.08"]
[Round "2.9"]
[White "Gorman, Cody Austin"]
[Black "Puderbaugh, Kory"]
[Result "1-0"]
[WhiteElo "1662"]
[BlackElo "1359"]

1. Nf3 d5 2. b3 Nf6 3. e3 g6 4. Bb2 Bg7 5. Be2 O-O 6. O-O Bg4 7. h3 Be6 8. d3
Qc8 9. Nbd2 h5 10. Re1 Bxh3 11. gxh3 Qxh3 12. Bf1 Qg4+ 13. Bg2 Nh7 14. Bxg7
Kxg7 15. Nd4 Qd7 16. Qf3 e5 17. Ne2 c6 18. Qg3 Qe7 19. e4 f5 20. exd5 f4 21.
Nxf4 Rxf4 22. Qxf4 {#r} 1-0

[Event "WIO (Open)"]
[Site "Boise, ID"]
[Date "2012.12.09"]
[Round "4.7"]
[White "Gorman, Cody Austin"]
[Black "Ruberry, Chip"]
[Result "1-0"]
[WhiteElo "1662"]
[BlackElo "1422"]

1. Nf3 c5 2. e3 Nf6 3. b3 g6 4. Bb2 Bg7 5. Be2 b6 6. O-O Bb7 7. d3 O-O 8. Nbd2
d5 9. c4 Nbd7 10. Qc2 Qc7 11. cxd5 Bxd5 12. d4 Rac8 13. e4 Bb7 14. d5 a6 15.
Ne1 Ne5 16. h3 g5 17. Bxe5 Qxe5 18. Nef3 Qc7 19. e5 h6 20. exf6 Bxf6 21. Rad1
Bxd5 22. Bxa6 Bxf3 23. Nxf3 Ra8 24. Bb5 Ra5 25. Bc4 Kg7 26. a4 h5 27. Qf5 e6
28. Qe4 Kh6 29. Bb5 Raa8 30. Rd7 Qc8 31. Bd3 Rh8 32. Rxf7 {#r} 1-0

[Event "Idaho Closed"]
[Site "Twin Falls, ID"]
[Date "2013.02.18"]
[Round "5.4"]
[White "Gorman, Cody Austin"]
[Black "Knoll, Lucas"]
[Result "1-0"]
[WhiteElo "1712"]
[BlackElo "1060"]

1. d4 d5 2. c4 c6 3. Nf3 Bf5 4. cxd5 cxd5 5. Qb3 Qc7 6. Nc3 e6 7. Nb5 Qb6 8.
Bf4 Na6 9. Rc1 Bb4+ 10. Kd1 Nf6 11. Nc7+ Nxc7 12. Bxc7 Ng4 13. Rc3 Nxf2+ 14.
Kc1 Qb5 15. e4 Qd7 16. Qxb4 Nxh1 17. Bb5 Bxe4 18. Bxd7+ Kxd7 19. Qd6+ Ke8 20.
Bb8 Rxb8 21. Qxb8+ Ke7 22. Qxh8 Nf2 23. Qxg7 Nd3+ 24. Kd2 Nxb2 25. Ne5 Bg6 26.
Rc7+ Kd8 27. Rd7+ {#r} 1-0

[Event "Idaho Open (Open)"]
[Site "Pocatello, ID"]
[Date "2013.05.18"]
[Round "3.5"]
[White "Gorman, Cody Austin"]
[Black "Kardzhyan, Vahan"]
[Result "1-0"]
[WhiteElo "1673"]
[BlackElo "1456"]

1. d4 Nf6 2. g3 g6 3. Bg2 Bg7 4. c4 O-O 5. Nc3 d6 6. Nf3 c6 7. O-O Bf5 8. Re1
Nbd7 9. h3 Ne4 10. Qb3 Nxc3 11. bxc3 Qb6 12. Bb2 e5 13. e4 Be6 14. d5 Nc5 15.
Qxb6 axb6 16. dxe6 Nd3 17. exf7+ Rxf7 18. Re2 d5 19. exd5 Nxb2 20. Rxb2 e4 21.
Nd4 c5 22. Nb5 Re8 23. Re1 Rfe7 24. Rbe2 {#r} 1-0

[Event "Idaho Open (Open)"]
[Site "Pocatello, ID"]
[Date "2013.05.19"]
[Round "5.4"]
[White "Hughes, Craig Mark"]
[Black "Gorman, Cody Austin"]
[Result "1-0"]
[WhiteElo "1647"]
[BlackElo "1673"]

1. e4 c5 2. Nc3 Nc6 3. f4 g6 4. Nf3 Bg7 5. Bb5 Nd4 6. O-O a6 7. Bc4 b5 8. Bd5
Rb8 9. d3 Qb6 10. Nxd4 c4 11. e5 Qxd4+ 12. Kh1 b4 13. dxc4 Qc5 14. Na4 Qc7 15.
b3 d6 16. Bb2 dxe5 17. fxe5 e6 18. Bf3 Bd7 19. Qd6 Qc8 20. Rad1 Bf8 21. Qd2
Bxa4 22. bxa4 Bc5 23. Qf4 Qc7 24. Bc6+ Kf8 25. Rd7 {#r} 1-0

[Event "ICA PM (Open)"]
[Site "Boise, ID"]
[Date "2013.09.22"]
[Round "5.4"]
[White "Gorman, Cody"]
[Black "Buus, Jarod"]
[Result "1-0"]
[WhiteElo "1657"]
[BlackElo "1201"]
[EventRounds "5"]
[EventCountry "USA"]

1. Nf3 Nf6 2. b3 e6 3. Bb2 d5 4. e3 c5 5. c4 b6 6. cxd5 exd5 7. d4 Ba6 8. Bxa6
Nxa6 9. O-O Nc7 10. dxc5 Bxc5 11. Nc3 O-O 12. Rc1 Qe7 13. Qe2 Ba3 14. Rfd1
Bxb2 15. Qxb2 Rfd8 16. Nd4 Qd7 17. Nce2 Ne6 18. b4 b5 19. Rc6 Rdc8 20. Rdc1
Rxc6 21. Rxc6 Ne4 22. Qc2 Nd6 23. Nxe6 fxe6 24. Qc5 Nc4 25. Nd4 e5 26. Nxb5 a6
27. Nc3 d4 28. Qxc4+ {#r} 1-0

[Event "SIO (Open)"]
[Site "Twin Falls, ID"]
[Date "2013.11.02"]
[Round "2.1"]
[White "Buus, Jarod N"]
[Black "Gorman, Cody Austin"]
[Result "0-1"]
[WhiteElo "1243"]
[BlackElo "1753"]
[EventRounds "4"]
[EventCountry "USA"]

1. e4 b6 2. d4 Bb7 3. Bd3 e6 4. a3 Nf6 5. Nc3 c5 6. dxc5 Bxc5 7. Nf3 Nc6 8.
Bf4 g6 9. b4 Be7 10. e5 Nh5 11. Be3 Qc7 12. Na4 Nxe5 13. Nxe5 Qxe5 14. O-O b5
15. Nc5 Bxc5 16. Bxc5 Qg5 17. g3 Nf4 18. f3 h5 19. Kh1 Nh3 20. Qe1 h4 21. g4
f5 22. Qe3 fxg4 23. Qxg5 Nxg5 24. Kg1 Nxf3+ 25. Rxf3 Bxf3 26. Kf2 d5 27. Re1
Kf7 28. Ke3 e5 29. h3 e4 30. hxg4 h3 {#R} 0-1

[Event "WIO (Open)"]
[Site "Boise, ID"]
[Date "2013.12.14"]
[Round "1.2"]
[White "Gorman, Cody"]
[Black "Brooks, James Patrick"]
[Result "1-0"]
[WhiteElo "1770"]
[BlackElo "1408"]
[EventRounds "5"]
[EventCountry "USA"]

1. b3 e5 2. Bb2 Nc6 3. e3 Nf6 4. Bb5 Bd6 5. d4 Ne4 6. Qd3 f5 7. Bxc6 dxc6 8.
dxe5 Bb4+ 9. Ke2 Qh4 10. g3 Qh5+ 11. Kf1 Be6 12. Qe2 Qh6 13. a3 Ba5 14. Kg2
Rg8 15. f3 Ng5 16. c4 Bb6 17. b4 a5 18. Nd2 Nf7 19. c5 Ba7 20. h4 g5 21. hxg5
Qxg5 22. Qf2 f4 23. Ne4 fxg3 24. Qe1 Qf5 25. Nf6+ Ke7 26. Nxg8+ Rxg8 27. Ne2
Nxe5 28. Bxe5 Qxe5 29. Rxh7+ Bf7 30. Qc3 Qxc3 31. Nxc3 b6 32. Ne4 Rd8 33. Ng5
Rf8 34. Rxf7+ Rxf7 35. Nxf7 Kxf7 36. Kxg3 bxc5 37. bxa5 Ke6 38. Rd1 c4 39. Kf2
Ke5 40. Ke2 Bc5 41. a6 {#r} 1-0

[Event "WIO (Open)"]
[Site "Boise, ID"]
[Date "2013.12.14"]
[Round "3.2"]
[White "Stinar, Jacob"]
[Black "Gorman, Cody"]
[Result "0-1"]
[WhiteElo "1627"]
[BlackElo "1770"]
[EventRounds "5"]
[EventCountry "USA"]

1. c4 b6 2. Nc3 e6 3. a3 Bb7 4. Nf3 Nf6 5. d4 d5 6. e3 Be7 7. Be2 O-O 8. O-O
dxc4 9. Bxc4 c5 10. Ne1 cxd4 11. exd4 Nc6 12. Nc2 Rc8 13. Ba2 Qd7 14. b4 Nxb4
15. Bb2 Nxc2 16. Qxc2 Qxd4 17. Rad1 Qg4 18. g3 Qf3 19. Rd5 exd5 20. Qe2 Qxe2
21. Nxe2 Rc2 22. Bxf6 Bxf6 23. Nc1 Rfc8 {#R} 0-1